000 00673nam a2200181Ia 4500
003 GCL
008 140319s9999 xx 000 0 ara d
040 _aGCL /
_cGCL
082 0 4 _a811.9
_bم د
100 1 _aمحمود عماد
245 1 0 _aديوان على شوقى: طبع هذا الديوان بتوصية من لجنة الشعر بالمجلس الاعلى لرعاية الفنون والاداب /
_cمحمود عماد
490 _aالالف كتاب
_v0
650 0 4 _aالادب العربى
650 0 4 _aالشعر العربى - دواوين وقصائد
650 0 4 _aالشعر العربى - مصر
650 0 4 _aعلى شوقى
942 _2ddc
_cBK
999 _c49827
_d49827